|
|
|
|
| LEADER |
00655nam a2200253 a 4500 |
| 001 |
adlib96000001 |
| 003 |
ViArRB |
| 005 |
20151026131235.0 |
| 008 |
960221s1955 dcuabcdjdbkoqu001 0deng d |
| 020 |
|
|
|
| 022 |
|
|
|
| 040 |
|
|
|a Adlib
|
| 082 |
|
|
|a 82-193.2
|
| 245 |
|
|
|a Epigrams from Gandhiji
|
| 250 |
|
|
|
| 260 |
|
|
|a New DElhi
|b Ministry of Information and broadcasting
|c 1971
|
| 300 |
|
|
|a 186 p.
|
| 500 |
|
|
|a
|
| 100 |
|
|
|a Tikekar, S R
|
| 700 |
|
|
|
| 942 |
|
|
|c BK
|6 _
|
| 653 |
|
|
|a Epigrams from Gandhiji
|
| 999 |
|
|
|c 23236
|d 23236
|
| 952 |
|
|
|0 0
|1 0
|4 0
|6 821932_GTIK
|7 0
|9 34822
|a UL
|b UL
|d 2010-06-16
|o 82-193.2 G TIK
|p 00009926
|r 2010-06-16
|w 2010-06-16
|y BK
|